Le numérique comme écriture : Théories et méthodes d'analyse (notice n° 1925283)
[ vue normale ]
| 000 -LEADER | |
|---|---|
| fixed length control field | 01293cam a2200181 4500500 |
| 005 - DATE AND TIME OF LATEST TRANSACTION | |
| control field | 20260329023159.0 |
| 041 ## - LANGUAGE CODE | |
| Language code of text/sound track or separate title | fre |
| 042 ## - AUTHENTICATION CODE | |
| Authentication code | dc |
| 100 10 - MAIN ENTRY--PERSONAL NAME | |
| Personal name | Souchier, Emmanuël |
| Relator term | author |
| 245 00 - TITLE STATEMENT | |
| Title | Le numérique comme écriture : Théories et méthodes d'analyse |
| 260 ## - PUBLICATION, DISTRIBUTION, ETC. | |
| Name of publisher, distributor, etc. | Armand Colin,<br/> |
| Date of publication, distribution, etc. | 2019.<br/> |
| 520 ## - SUMMARY, ETC. | |
| Summary, etc. | Ce manuel développe une théorie appliquée aux dispositifs, aux pratiques et aux langages des « médias informatisés ». Véritable manuel à destination de ceux qui ont besoin d'analyser les écrits sur tout type d’écran (ordinateurs, téléphones portables, tablettes, etc.). L’objet de ce livre est donc là : fournir à ses lecteurs une gamme de notions et de pratiques pour analyser, avec rigueur, pertinence et justesse, les textes numériques tels qu’ils se donnent à nous. Les auteurs proposent une approche simple, claire et pertinente, destinée aussi bien aux étudiants, aux rédacteurs web et tout professionnel de la communication numérique. |
| 700 10 - ADDED ENTRY--PERSONAL NAME | |
| Personal name | Candel, Étienne |
| Relator term | author |
| 700 10 - ADDED ENTRY--PERSONAL NAME | |
| Personal name | Gomez-Mejia, Gustavo |
| Relator term | author |
| 700 10 - ADDED ENTRY--PERSONAL NAME | |
| Personal name | Jeanne Perrier, Valérie |
| Relator term | author |
| 700 10 - ADDED ENTRY--PERSONAL NAME | |
| Personal name | Jeanne-Perrier, Valérie |
| Relator term | author |
| 856 41 - ELECTRONIC LOCATION AND ACCESS | |
| Uniform Resource Identifier | <a href="https://shs.cairn.info/le-numerique-comme-ecriture--9782200618582?lang=fr&redirect-ssocas=7080">https://shs.cairn.info/le-numerique-comme-ecriture--9782200618582?lang=fr&redirect-ssocas=7080</a> |
Pas d'exemplaire disponible.




Réseaux sociaux